| 000 | 00887nam a22003134a 4500 | ||
|---|---|---|---|
| 001 | UByD003366 | ||
| 003 | AR-LpoUNG | ||
| 005 | 20241120094710.0 | ||
| 008 | 241120s2024 ag ao 000 0 spa d | ||
| 020 | _a9786310044965 | ||
| 040 |
_aAR-LpoUNG _bspa _cAR-LpoUNG _eaacr |
||
| 041 | 0 | _aspa | |
| 082 | 0 | _a418.4 525ent | |
| 100 | 1 | _aLeiva, María Eugenia | |
| 245 | 1 | 0 |
_aEntre libros y lectores : _bprograma de formación de mediadores de lectura |
| 250 | _a1ra. ed. | ||
| 260 |
_aBuenos Aires : _bSofía, _c2024. |
||
| 300 |
_a64 p. : _bil., fot. byn |
||
| 650 | 4 | _aLECTURA | |
| 650 | 4 | _aPROMOCION DE LA LECTURA | |
| 650 | 4 | _aALFABETIZACION | |
| 650 | 4 | _aALFABETIZADOR | |
| 650 | 4 | _aENSEÑANZA DE LA LECTURA | |
| 650 | 4 | _aENSEÑANZA DE LA ESCRITURA | |
| 653 | 0 | _aAUTORES LOCALES | |
| 700 | 1 | _aViola, María Cecilia | |
| 700 | 1 | _aRosano, Nicolás | |
| 942 |
_2ddc _cLIB |
||
| 999 |
_c66042 _d66042 |
||